U.S. - Japanese economic relations cooperation, competition, and confrontation
Spremljeno u:
| Glavni autor: | |
|---|---|
| Format: | Knjiga |
| Jezik: | Undetermined |
| Izdano: |
New York
Pergamon Press
1980
|
| Teme: | |
| Oznake: |
Dodaj oznaku
Bez oznaka, Budi prvi tko označuje ovaj zapis!
|
| Thư viện lưu trữ: | Trung tâm Học liệu Trường Đại học Cần Thơ |
|---|
| LEADER | 00494nam a2200169Ia 4500 | ||
|---|---|---|---|
| 001 | CTU_79448 | ||
| 008 | 210402s9999 xx 000 0 und d | ||
| 082 | |a 337.1 | ||
| 082 | |b T197 | ||
| 100 | |a Tasca, Diane | ||
| 245 | 0 | |a U.S. - Japanese economic relations cooperation, competition, and confrontation | |
| 245 | 0 | |c Diane Tasca | |
| 260 | |a New York | ||
| 260 | |b Pergamon Press | ||
| 260 | |c 1980 | ||
| 650 | |a Economic coooperation | ||
| 980 | |a Trung tâm Học liệu Trường Đại học Cần Thơ | ||